00651nam a2200145 a 4500003000200000005001700002008004100019050003200060100001800092245018400110260009000294300004000384650004100424650004000465020250626122953.0970101s19uu xx 00 eng d aPHS RC 451.4.P68b.Y37 2004 aYap, Derby D. aA Study on the physical, emotional and spiritual effects of incarceration to prisoners of Dorm 9D3, maximum-security section, new bilibid, prison, Muntinlupa City /cDerby D. Yap. aLas Piñas City, Philippines :bSouthville International School and Colleges,c2004. a43 pages :billustrations ;c28 cm. aImprisonmentxPsychological aspects. aPrisonerszPhilippinesxPsychology.